15 centrales hydroélectriques les plus puissantes du Québec / 15 most powerful hydroelectric power plants in Quebec - Statistiques

Statistiques générales
  • Ce quiz a été pris 70 fois
  • Le résultat moyen est 6 sur 15
Statistiques - réponses
Hint Réponse % Correct
1596 MW Manic-5
90%
1244 MW René-Lévesque (Manic-3)
88%
1145 MW Jean-Lesage (Manic-2)
86%
5616 MW Robert-Bourassa (La Grande-2)
76%
1436 MW La-Grande-1
69%
2417 MW La-Grande-3
63%
2779 MW La Grande-4
63%
1903 MW Beauharnois
43%
1026 MW Outardes-3
22%
1178 MW Bersimis-1
8%
878 MW Laforge-1
8%
2106 MW La-Grande-2-A
8%
1064 MW Manic-5-PA
8%
947 MW Shipshaw
8%
884 MW Sainte-Marguerite-3
6%
Aucun quiz correspondant
Distribution des résultats
% des personnes avec chaque résultat
Percentile par nombre de réponses
Votre historique - résultats
Vous n’avez pas pris ce quiz